000 00911nam a2200301 4500
003 OSt
005 20260601193849.0
008 260508b2003 nyua|||| |||| 00| 0 eng d
020 _a1581153023
040 _aICI
_bspa
_cICI
041 _aeng
050 1 _aZ253.5
_bW48 2003
100 1 _aWhite, Jan V.,
_931975
245 1 _aEditing by design :
_bfor designers, art directors, and editors the classic guide to winning readers /
_cJan V. White.
264 _aNew York :
_b Allworth,
_c2003.
300 _a247 páginas
_c28cm.
336 _atexto
_2rdacontent
337 _asin medio
_2rdamedia
338 _avolumen
_2rdacarrier
650 _aDiseño editorial.
650 _aEdición de publicaciones.
_931977
650 _aDiseño gráfico.
650 _aTipografía.
650 _aMaquetación.
650 _aComunicación visual.
650 _aPublicaciones
_xDiseño.
_931981
942 _2lcc
_cB
_n1
999 _c21782
_d21782